La demanda civil de daños y perjuicios y daño moral por responsabilidad subjetiva en contra de los jueces, fiscales y defensores públicos (Registro nro. 15018)
[ vista simple ]
| 000 -CABECERA | |
|---|---|
| Campo de control interno | 01293nam a2200205Ia 4500 |
| 008 - ELEMENTOS DE LONGITUD FIJA - INFORMACION | |
| Elementos de Longitud Fija - Informaci | 141014s9999||||xx |||||||||||||| ||und|| |
| 010 ## - LIBRARY OF CONGRESS CONTROL NUMBER | |
| LC control number | 14868 |
| 020 ## - INTERNATIONAL STANDARD BOOK NUMBER | |
| ISBN | 978-9978-9930-4-0 |
| 040 ## - ORIGEN DE LA CATALOGACION | |
| Origen de la Catalogación | ANE |
| 041 ## - CODIGO DE LENGUAJE | |
| Código de lenguaje del texto | Es |
| 082 ## - NUMERO DE CLASIFICACION DECIMAL DEWEY | |
| 1ra. Clasificación | 343.2 G216 |
| 100 ## - AUTOR PERSONAL | |
| Autor Personal | García Falconi, José C. |
| 245 ## - TÍTULO GENERAL | |
| Título | La demanda civil de daños y perjuicios y daño moral por responsabilidad subjetiva en contra de los jueces, fiscales y defensores públicos |
| 250 ## - EDICION | |
| Edición | S/E |
| 260 ## - EDITORIAL | |
| Ciudad | Quito, Ecuador |
| Fecha | 2010 |
| 300 ## - DESCRIPCION | |
| Número de páginas | 448 p |
| Dimensiones | 21 cm |
| 505 ## - NOTA DE CONTENIDO | |
| Nota de contenido formateada | Régimen Constitucional y legal de la justicia en el Ecuador.- Normas pertinentes de la Constitución de la República.- Normas pertinentes del código orgánico de la Función Judicial.- El Derecho Procesal.- El poder de los jueces.- Los mediadores y árbitros.- Misión de la Fiscalía General del Estado.- La Fiscalía y el Ofendido.- La La Defensoría Pública en el Ecuador.- Responsabilidad de los Asambleístas.- Delitos penales de los abogados.- ¿Que es la Omisión?.- Clases de Responsabilidad.- ¿Que es el Patrimonio?.- ¿Que es daño patrimonial.- ¿Que es el daño moral?.- ¿Que es moral objetiva?.- Clases de Dolo.- ¿Que es la culpa?.- Juicios verbales¿Que es la prescripción? |
| 650 ## - DESCRIPTORES - TEMAS | |
| Temas - Descriptores | Jurisprudencia |
| 942 ## - ELEMENTOS DE KOHA | |
| Tipo de Documento | Libros |
| Esquema de Clasificaci | |
| Catalogador | Nr. |
| Withdrawn status | Lost status | Fuente de Clasificaci | Damaged status | Not for loan | Ubicaci | Biblioteca | Fecha de Adquisición | Vía de adquisición | Signatura Topogr | Código de barras | Date last seen | Price effective from | Tipo de Item |
|---|---|---|---|---|---|---|---|---|---|---|---|---|---|
| Biblioteca Asamblea Nacional | Biblioteca Asamblea Nacional | 2022-08-23 | Donación | 343.2 G216 | 14868 | 2014-10-14 | 2014-10-14 | Libros |